[Event "DEM U12 2018"]
[Site "Willingen GER"]
[Date "2018.05.22"]
[Round "5"]
[White "Dornheim, Carl Friedrich"]
[Black "Sinnhöfer, Joshua"]
[Result "0-1"]
[Termination "normal"]
[Board "26"]
[WhiteElo "1441"]
[BlackElo "1536"]
[PlyCount "170"]
[WhiteFideId "16252314"]
[BlackFideId "16201361"]
[EventCountry "GER"]
[EventRounds "11"]
[EventType "swiss"]
[EventDate "2018.05.19"]

1. e4 e5 2. Nf3 Nc6 3. d4 exd4 4. Nxd4 Bb4+ 5. c3 Be7 6. Be3 Nf6 7. Nd2 O-O 8.
Bd3 d5 9. O-O Ne5 10. Qe2 c5 11. N4f3 Nxd3 12. Qxd3 dxe4 13. Qxd8 Rxd8 14. Ne5
Bd6 15. Nec4 Bf5 16. Rfe1 Bg6 17. Bg5 b5 18. Bxf6 gxf6 19. Nxd6 Rxd6 20. Nxe4
Bxe4 21. Rxe4 Rd2 22. Rb1 Rad8 23. Ree1 Rc2 24. Rec1 Rdd2 25. Rxc2 Rxc2 26. g3
Kg7 27. Kg2 Kg6 28. Kf3 Kf5 29. h3 h5 30. Ke3 b4 31. cxb4 cxb4 32. Kf3 a5 33.
Ke3 a4 34. Kf3 Ke5 35. Ke3 f5 36. Kf3 a3 37. bxa3 bxa3 38. Re1+ Kd4 39. Re7
Rxa2 40. Rxf7 Rc2 41. Rxf5 Rc5 42. Rf4+ Kc3 43. Re4 a2 44. Re3+ Kb2 45. Re2+
Rc2 46. Re1 a1=Q 47. Rxa1 Kxa1 48. g4 hxg4+ 49. hxg4 Kb2 50. Kg3 Kc3 51. f4 Kd4
52. Kh4 Ke4 53. Kg5 Rg2 54. f5 Kf3 55. Kf6 Kxg4 56. Ke6 Kg5 57. f6 Re2+ 58. Kf7
Rf2 59. Ke6 Rxf6+ 60. Ke5 Rf4 61. Kd5 Kf6 62. Kd6 Rd4+ 63. Kc6 Ke6 64. Kc5 Rd8
65. Kc4 Ke5 66. Kc3 Ke4 67. Kc4 Rc8+ 68. Kb5 Kd4 69. Kb6 Kd5 70. Kb7 Rc2 71.
Kb8 Kd6 72. Kb7 Rc1 73. Kb8 Kd7 74. Kb7 Rb1+ 75. Ka6 Kc8 76. Ka7 Rb2 77. Ka6
Kc7 78. Ka5 Kc6 79. Ka4 Kc5 80. Ka3 Rb7 81. Ka4 Rb8 82. Ka3 Kc4 83. Ka2 Kc3 84.
Ka1 Kc2 85. Ka2 Ra8# 0-1

[Event "DEM U12 2018"]
[Site "Willingen GER"]
[Date "2018.05.22"]
[Round "5"]
[White "Langer, Paul Georg"]
[Black "Gerdes, Jannes"]
[Result "1-0"]
[Termination "normal"]
[Board "27"]
[WhiteElo "1300"]
[BlackElo "1492"]
[PlyCount "63"]
[WhiteFideId "16230051"]
[BlackFideId "16254627"]
[EventCountry "GER"]
[EventRounds "11"]
[EventType "swiss"]
[EventDate "2018.05.19"]

1. e4 c5 2. Nc3 e6 3. Nge2 Nc6 4. d3 Nf6 5. Be3 Be7 6. g3 d5 7. Bd2 d4 8. Nb5
Qb6 9. a4 a6 10. Na3 O-O 11. Bg2 Ne5 12. b3 Qc7 13. O-O Bd7 14. h3 Bd6 15. f4
Ng6 16. e5 Bxe5 17. fxe5 Nxe5 18. Bf4 Nd5 19. Bxe5 Qxe5 20. Nc4 Qc7 21. Qd2 b5
22. Nb2 Rab8 23. Bxd5 exd5 24. Kg2 Qc8 25. Rh1 c4 26. Nd1 cxd3 27. cxd3 Re8 28.
Nxd4 Qc5 29. Qc3 Qd6 30. Re1 Qh6 31. Nf2 f5 32. Qc7 1-0

[Event "DEM U12 2018"]
[Site "Willingen GER"]
[Date "2018.05.22"]
[Round "5"]
[White "May, Alexander"]
[Black "Hochlenert, Ben"]
[Result "1-0"]
[Termination "normal"]
[Board "28"]
[WhiteElo "1373"]
[BlackElo "1023"]
[PlyCount "173"]
[WhiteFideId "16244974"]
[BlackFideId "16265980"]
[EventCountry "GER"]
[EventRounds "11"]
[EventType "swiss"]
[EventDate "2018.05.19"]

1. d4 d5 2. c4 Nf6 3. Nc3 e6 4. Bg5 Be7 5. Nf3 Nc6 6. e3 Bd7 7. Be2 h6 8. Bf4
Bd6 9. Bg3 Qe7 10. Nb5 O-O 11. a3 b6 12. b4 a6 13. Nxd6 cxd6 14. O-O Ne4 15.
cxd5 exd5 16. Rc1 Rac8 17. Qb3 Qe6 18. Bxa6 Rb8 19. Bb5 Rfc8 20. Qd3 Ne7 21.
Bxd7 Qxd7 22. Nd2 Nxd2 23. Qxd2 Rxc1 24. Rxc1 Rc8 25. h3 Rxc1+ 26. Qxc1 Nf5 27.
Bh2 Qe6 28. Qc2 Qe4 29. Qxe4 dxe4 30. g4 Ne7 31. Bxd6 Nd5 32. Kf1 Kh7 33. a4
Nc3 34. a5 bxa5 35. bxa5 Nb5 36. a6 Kg6 37. Bc5 Nc7 38. a7 Kf6 39. Ke2 Ke6 40.
f3 exf3+ 41. Kxf3 Kf6 42. e4 Ke6 43. h4 Kd7 44. Kf4 Kc6 45. g5 hxg5+ 46. hxg5
Kb7 47. Kf5 Nb5 48. g6 f6 49. e5 fxe5 50. Kxe5 Nxa7 51. Bxa7 Kxa7 52. d5 Kb7
53. Ke6 Kc8 54. Kf7 Kd7 55. Kxg7 Ke7 56. d6+ Kxd6 57. Kf7 Kd7 58. g7 Kd6 59.
g8=R Ke5 60. Rg6 Kf5 61. Ra6 Ke5 62. Ra4 Kd5 63. Kf6 Kc5 64. Kf5 Kb5 65. Re4
Kc5 66. Ke5 Kc6 67. Rd4 Kc5 68. Rd1 Kc4 69. Ke4 Kc3 70. Rd8 Kc2 71. Ke3 Kc1 72.
Ke2 Kc2 73. Rc8+ Kb3 74. Kd3 Kb4 75. Kd4 Kb5 76. Rc2 Kb6 77. Kd5 Kb7 78. Kd6
Kb8 79. Kd7 Ka7 80. Rb2 Ka6 81. Kc6 Ka5 82. Rb8 Ka4 83. Kc5 Ka3 84. Kc4 Ka2 85.
Kc3 Ka1 86. Kc2 Ka2 87. Ra8# 1-0

[Event "DEM U12 2018"]
[Site "Willingen GER"]
[Date "2018.05.23"]
[Round "6"]
[White "Tham, Nam"]
[Black "Farokhi, Keyvan"]
[Result "1/2-1/2"]
[Termination "normal"]
[Board "1"]
[WhiteElo "1866"]
[BlackElo "1844"]
[WhiteClock "00:50:01"]
[BlackClock "00:19:40"]
[PlyCount "86"]
[WhiteFideId "12997331"]
[BlackFideId "12998630"]
[EventCountry "GER"]
[EventRounds "11"]
[EventType "swiss"]
[EventDate "2018.05.19"]

1. e4 {[%clk 1:15:57]} 1... e5 {[%clk 1:15:54]} 2. Nf3 {[%clk 1:16:23]} 2...
Nc6 {[%clk 1:16:19]} 3. Bc4 {[%clk 1:16:48]} 3... Bc5 {[%clk 1:16:44]} 4. c3 {
[%clk 1:17:13]} 4... Nf6 {[%clk 1:17:08]} 5. d3 {[%clk 1:17:40]} 5... d6 {
[%clk 1:17:32]} 6. Bb3 {[%clk 1:18:06]} 6... a6 {[%clk 1:17:56]} 7. Nbd2 {
[%clk 1:18:32]} 7... Ba7 {[%clk 1:18:17]} 8. h3 {[%clk 1:18:57]} 8... h6 {
[%clk 1:18:40]} 9. Nf1 {[%clk 1:19:22]} 9... Nh5 {[%clk 1:18:32]} 10. Be3 {
[%clk 1:16:29]} 10... Bxe3 {[%clk 1:17:05]} 11. fxe3 {[%clk 1:16:35]} 11... O-O
{[%clk 1:14:17]} 12. Bc2 {[%clk 1:15:48]} 12... Qe7 {[%clk 1:09:05]} 13. Qe2 {
[%clk 1:14:45]} 13... b5 {[%clk 1:07:57]} 14. g4 {[%clk 1:08:57]} 14... Nf6 {
[%clk 1:08:17]} 15. Ng3 {[%clk 1:09:23]} 15... g6 {[%clk 1:06:58]} 16. O-O-O {
[%clk 1:08:50]} 16... Nh7 {[%clk 1:04:18]} 17. Rdg1 {[%clk 1:07:01]} 17... b4 {
[%clk 1:02:20]} 18. c4 {[%clk 1:07:01]} 18... a5 {[%clk 0:56:11]} 19. Bb1 {
[%clk 1:04:20]} 19... a4 {[%clk 0:52:24]} 20. Qg2 {[%clk 1:03:04]} 20... Qf6 {
[%clk 0:49:45]} 21. Rf1 {[%clk 1:02:40]} 21... Qg7 {[%clk 0:49:43]} 22. Nh4 {
[%clk 1:01:11]} 22... Ne7 {[%clk 0:47:57]} 23. Qf2 {[%clk 1:00:37]} 23... c6 {
[%clk 0:45:32]} 24. Rhg1 {[%clk 0:57:26]} 24... f6 {[%clk 0:43:14]} 25. Nf3 {
[%clk 0:55:10]} 25... d5 {[%clk 0:41:00]} 26. Nf5 {[%clk 0:50:31]} 26... Bxf5 {
[%clk 0:33:32]} 27. gxf5 {[%clk 0:50:35]} 27... g5 {[%clk 0:33:10]} 28. h4 {
[%clk 0:50:41]} 28... Kf7 {[%clk 0:26:06]} 29. hxg5 {[%clk 0:50:35]} 29... hxg5
{[%clk 0:23:24]} 30. Rh1 {[%clk 0:49:46]} 30... dxe4 {[%clk 0:22:04]} 31. dxe4
{[%clk 0:50:00]} 31... Rh8 {[%clk 0:22:25]} 32. Qh2 {[%clk 0:50:08]} 32... Kg8
{[%clk 0:20:31]} 33. Rd1 {[%clk 0:49:55]} 33... Nf8 {[%clk 0:18:59]} 34. Qg3 {
[%clk 0:48:50]} 34... Rxh1 {[%clk 0:19:19]} 35. Rxh1 {[%clk 0:49:15]} 35... Rd8
{[%clk 0:19:14]} 36. Bc2 {[%clk 0:49:04]} 36... a3 {[%clk 0:18:36]} 37. Bb3 {
[%clk 0:49:11]} 37... axb2+ {[%clk 0:18:44]} 38. Kxb2 {[%clk 0:49:34]} 38... c5
{[%clk 0:19:11]} 39. Bc2 {[%clk 0:49:39]} 39... Nc8 {[%clk 0:19:10]} 40. Rd1 {
[%clk 0:49:18]} 40... Rxd1 {[%clk 0:19:26]} 41. Bxd1 {[%clk 0:49:43]} 41... Nd6
{[%clk 0:19:47]} 42. Nd2 {[%clk 0:50:08]} 42... Qa7 {[%clk 0:19:49]} 43. Bb3 {
[%clk 0:50:01]} 43... Qa3+ {[%clk 0:19:40]} 1/2-1/2

[Event "DEM U12 2018"]
[Site "Willingen GER"]
[Date "2018.05.23"]
[Round "6"]
[White "Wagner, Leopold Franziskus"]
[Black "Haack, Kevin"]
[Result "1-0"]
[Termination "normal"]
[Board "4"]
[WhiteElo "2234"]
[BlackElo "1846"]
[WhiteClock "00:58:15"]
[BlackClock "00:01:00"]
[PlyCount "85"]
[WhiteFideId "1641581"]
[BlackFideId "16228715"]
[EventCountry "GER"]
[EventRounds "11"]
[EventType "swiss"]
[EventDate "2018.05.19"]

1. Nf3 {[%clk 1:15:54]} 1... d5 {[%clk 1:15:41]} 2. g3 {[%clk 1:16:11]} 2...
Nf6 {[%clk 1:15:52]} 3. Bg2 {[%clk 1:16:25]} 3... e6 {[%clk 1:15:52]} 4. O-O {
[%clk 1:16:34]} 4... Be7 {[%clk 1:15:45]} 5. c4 {[%clk 1:16:41]} 5... O-O {
[%clk 1:15:45]} 6. Qc2 {[%clk 1:16:26]} 6... b6 {[%clk 1:15:16]} 7. b3 { [%clk
1:15:26]} 7... Bb7 {[%clk 1:15:07]} 8. Bb2 {[%clk 1:15:27]} 8... Nbd7 { [%clk
1:13:35]} 9. d3 {[%clk 1:15:08]} 9... c5 {[%clk 1:12:25]} 10. Re1 { [%clk
1:14:04]} 10... Rc8 {[%clk 1:11:35]} 11. e4 {[%clk 1:12:59]} 11... Re8 { [%clk
1:09:32]} 12. cxd5 {[%clk 1:01:36]} 12... exd5 {[%clk 1:08:15]} 13. e5 { [%clk
1:01:55]} 13... Ng4 {[%clk 0:54:03]} 14. h3 {[%clk 1:01:06]} 14... Nh6 { [%clk
0:54:14]} 15. g4 {[%clk 0:53:53]} 15... Kh8 {[%clk 0:48:52]} 16. Nh2 { [%clk
0:53:21]} 16... Qc7 {[%clk 0:45:06]} 17. f4 {[%clk 0:53:04]} 17... Bh4 { [%clk
0:38:00]} 18. Rf1 {[%clk 0:50:34]} 18... Ng8 {[%clk 0:32:38]} 19. Nc3 { [%clk
0:50:26]} 19... a6 {[%clk 0:27:26]} 20. Nxd5 {[%clk 0:50:24]} 20... Bxd5 {[%clk
0:26:42]} 21. Bxd5 {[%clk 0:49:02]} 21... Nb8 {[%clk 0:22:44]} 22. Nf3 { [%clk
0:47:10]} 22... Bd8 {[%clk 0:21:52]} 23. Rae1 {[%clk 0:44:48]} 23... Qd7 {[%clk
0:19:22]} 24. Be4 {[%clk 0:45:09]} 24... Nc6 {[%clk 0:16:48]} 25. Bf5 { [%clk
0:43:23]} 25... Qc7 {[%clk 0:13:16]} 26. Bxc8 {[%clk 0:43:37]} 26... Qxc8
{[%clk 0:13:05]} 27. f5 {[%clk 0:43:38]} 27... Nb4 {[%clk 0:09:49]} 28. Qd2 {
[%clk 0:43:14]} 28... Qd7 {[%clk 0:08:24]} 29. d4 {[%clk 0:42:12]} 29... Qa7 {
[%clk 0:06:00]} 30. d5 {[%clk 0:42:13]} 30... a5 {[%clk 0:04:30]} 31. d6 {
[%clk 0:42:17]} 31... Qd7 {[%clk 0:03:30]} 32. a3 {[%clk 0:41:25]} 32... Nc6 {
[%clk 0:02:30]} 33. Qd5 {[%clk 0:41:39]} 33... Bc7 {[%clk 0:01:30]} 34. e6 {
[%clk 0:41:25]} 34... fxe6 {[%clk 0:01:14]} 35. fxe6 {[%clk 0:40:49]} 35...
Qxd6 {[%clk 0:00:59]} 36. Qxd6 {[%clk 0:41:08]} 36... Bxd6 {[%clk 0:01:21]} 37.
Ng5 {[%clk 0:41:17]} 37... Nh6 {[%clk 0:00:32]} 38. Nf7+ {[%clk 0:41:29]} 38...
Nxf7 {[%clk 0:00:50]} 39. exf7 {[%clk 0:41:53]} 39... Rf8 {[%clk 0:00:32]} 40.
Re8 {[%clk 0:42:07]} 40... h6 {[%clk 0:00:31]} 41. Rfe1 {[%clk 0:42:25]} 41...
Kh7 {[%clk 0:00:38]} 42. Rxf8 {[%clk 0:57:48]} 42... Bxf8 {[%clk 0:01:00]} 43.
Re8 {[%clk 0:58:15]} 1-0

[Event "DEM U12 2018"]
[Site "Willingen GER"]
[Date "2018.05.23"]
[Round "6"]
[White "Amato, Cristiano"]
[Black "Weidenhöfer, Max"]
[Result "1/2-1/2"]
[Termination "normal"]
[Board "13"]
[WhiteElo "1681"]
[BlackElo "1709"]
[PlyCount "53"]
[WhiteFideId "12998460"]
[BlackFideId "16230566"]
[EventCountry "GER"]
[EventRounds "11"]
[EventType "swiss"]
[EventDate "2018.05.19"]

1. e4 c6 2. d4 d5 3. e5 Bf5 4. h4 h5 5. Bg5 Qc7 6. Be2 g6 7. Nf3 e6 8. Nbd2 c5
9. c3 Nd7 10. Nf1 Bg4 11. N1h2 Bxf3 12. Nxf3 Be7 13. Qd2 Qb6 14. O-O Bxg5 15.
hxg5 Ne7 16. Rfd1 O-O 17. g4 hxg4 18. Nh2 g3 19. Ng4 gxf2+ 20. Kxf2 Kg7 21. Nf6
Qc6 22. b4 c4 23. Rh1 {(=)} 23... Rh8 24. Qf4 Nf5 25. Bg4 25... a6 {(=)} 26.
Bxf5 gxf5 27. Ke3 1/2-1/2

[Event "DEM U12 2018"]
[Site "Willingen GER"]
[Date "2018.05.23"]
[Round "6"]
[White "Felten, Maximilian"]
[Black "May, Ben-Iven"]
[Result "0-1"]
[Termination "normal"]
[Board "14"]
[WhiteElo "1664"]
[BlackElo "1769"]
[PlyCount "102"]
[WhiteFideId "4004949"]
[BlackFideId "16229673"]
[EventCountry "GER"]
[EventRounds "11"]
[EventType "swiss"]
[EventDate "2018.05.19"]

1. d4 Nf6 2. Nf3 g6 3. e3 Bg7 4. Bd3 O-O 5. Nbd2 d6 6. O-O Nbd7 7. c3 e5 8. Qc2
Re8 9. e4 Nh5 10. g3 Nhf6 11. Re1 c5 12. d5 Rb8 13. c4 a6 14. a4 b6 15. b3 a5
16. Nh4 Nf8 17. Bf1 Nh5 18. Bg2 Bh8 19. Nb1 f5 20. exf5 e4 21. Bb2 Bxb2 22.
Qxb2 g5 23. Bxe4 gxh4 24. Nd2 Qf6 25. Qc2 Bd7 26. Nf3 Re7 27. Nxh4 Rbe8 28. f3
Ng7 29. Kf1 Rf7 30. Qf2 Nxf5 31. Nxf5 Bxf5 32. Bxf5 Rxe1+ 33. Rxe1 Qxf5 34. Kg2
Ng6 35. Re6 Ne5 36. Qe3 Rf6 37. Re8+ Kf7 38. Rb8 Nxf3 39. Rb7+ Kg6 40. Qe8+ Kh6
41. Qe3+ Ng5 42. Qe2 Qh3+ 43. Kg1 Nf3+ 44. Kh1 Ng5 45. Kg1 Qc8 46. Qe7 Nh3+ 47.
Kh1 Rf1+ 48. Kg2 Rg1+ 49. Kf3 Qf5+ 50. Ke2 Rg2+ 51. Kd1 Qb1# 0-1

[Event "DEM U12 2018"]
[Site "Willingen GER"]
[Date "2018.05.23"]
[Round "6"]
[White "Mimkes, Antal"]
[Black "Hoke, Adrian Neo"]
[Result "0-1"]
[Termination "normal"]
[Board "15"]
[WhiteElo "1559"]
[BlackElo "1628"]
[PlyCount "70"]
[WhiteFideId "16265963"]
[BlackFideId "16218264"]
[EventCountry "GER"]
[EventRounds "11"]
[EventType "swiss"]
[EventDate "2018.05.19"]

1. e4 e5 2. f4 exf4 3. Nf3 g5 4. Bc4 Bg7 5. O-O d6 6. d4 h6 7. c3 Nc6 8. Qb3
Qe7 9. Na3 Rb8 10. Bd2 Bd7 11. Rae1 Na5 12. Qc2 Nxc4 13. Nxc4 Bb5 14. e5 Qd7
15. exd6+ Kf8 16. Nce5 Bxe5 17. Nxe5 Qxd6 18. c4 Qxd4+ 19. Kh1 Ba4 20. Qf5 Be8
21. Ng6+ Kg7 22. Bc3 Qxc3 23. bxc3 fxg6 24. Qe5+ Nf6 25. Qe7+ Bf7 26. Qc5 b6
27. Qxc7 Rbc8 28. Qxa7 Ra8 29. Qxb6 Rxa2 30. Qb7 Rf8 31. Rf3 Kg8 32. Rd3 Ng4
33. Rd7 Rc2 34. h3 Ne3 35. Re2 Rc1+ 0-1

[Event "DEM U12 2018"]
[Site "Willingen GER"]
[Date "2018.05.23"]
[Round "6"]
[White "Sallandt, Frido"]
[Black "Gluma, Christian"]
[Result "0-1"]
[Termination "normal"]
[Board "16"]
[WhiteElo "1524"]
[BlackElo "1601"]
[PlyCount "72"]
[WhiteFideId "16231767"]
[BlackFideId "16223209"]
[EventCountry "GER"]
[EventRounds "11"]
[EventType "swiss"]
[EventDate "2018.05.19"]

1. e4 e6 2. d4 d5 3. Nd2 Nf6 4. e5 Nfd7 5. Bd3 c5 6. c3 Nc6 7. Ne2 Be7 8. O-O
Qb6 9. Nf3 O-O 10. a3 a5 11. Re1 Re8 12. Nf4 Nf8 13. h4 Bd7 14. h5 cxd4 15.
cxd4 f6 16. h6 g6 17. Qc2 Kf7 18. Qd2 Rac8 19. Nh3 a4 20. Qf4 f5 21. Nhg5+ Kg8
22. g4 Bxg5 23. Qxg5 Rc7 24. gxf5 exf5 25. Qh4 Ne6 26. Be3 Qb3 27. Red1 Qxb2
28. Rdb1 Qc3 29. Rd1 Rf8 30. Be2 Qb2 31. Kf1 f4 32. Bd2 Ncxd4 33. Nxd4 Nxd4 34.
Rab1 Qxa3 35. f3 Nxe2 36. Kxe2 Bf5 0-1

[Event "DEM U12 2018"]
[Site "Willingen GER"]
[Date "2018.05.23"]
[Round "6"]
[White "Lehmann, Nils"]
[Black "Tovmasyan, Minas"]
[Result "1/2-1/2"]
[Termination "normal"]
[Board "17"]
[WhiteElo "1558"]
[BlackElo "1480"]
[PlyCount "55"]
[WhiteFideId "12982610"]
[BlackFideId "16247620"]
[EventCountry "GER"]
[EventRounds "11"]
[EventType "swiss"]
[EventDate "2018.05.19"]

1. e4 c5 2. Nf3 e6 3. d4 cxd4 4. Nxd4 a6 5. Nc3 Qc7 6. Bd3 Nf6 7. f4 d6 8. Qf3
b5 9. Be3 Bb7 10. g4 Nc6 11. O-O-O Na5 12. g5 Nd7 13. Kb1 Nb6 14. Qh5 g6 15.
Qg4 Bc8 16. Qf3 Bg7 17. Bxb5+ Bd7 18. Bxd7+ Nxd7 19. f5 Bxd4 20. Bxd4 e5 21.
Be3 Rb8 22. Bc1 Nc4 23. Nd5 Qc5 24. fxg6 Na3+ 25. Ka1 Nxc2+ 26. Kb1 Na3+ 27.
Ka1 Nc2+ 28. Kb1 1/2-1/2

[Event "DEM U12 2018"]
[Site "Willingen GER"]
[Date "2018.05.23"]
[Round "6"]
[White "Hoffmann, Kay"]
[Black "Huo, Da"]
[Result "1/2-1/2"]
[Termination "normal"]
[Board "18"]
[WhiteElo "1247"]
[BlackElo "1686"]
[PlyCount "88"]
[WhiteFideId "16227000"]
[BlackFideId "16221206"]
[EventCountry "GER"]
[EventRounds "11"]
[EventType "swiss"]
[EventDate "2018.05.19"]

1. f4 d5 2. Nf3 g6 3. e3 Bg7 4. d4 c5 5. c3 Nf6 6. Bd3 Nc6 7. O-O O-O 8. Nbd2
a6 9. Ne5 Qc7 10. h3 Nd7 11. Ndf3 c4 12. Bc2 e6 13. e4 Ndxe5 14. Nxe5 Nxe5 15.
fxe5 Bd7 16. exd5 exd5 17. Bf4 Be6 18. Qf3 Qd7 19. Bg5 Rfc8 20. Qf4 Qe8 21. Bd1
Rab8 22. Bg4 Bxg4 23. hxg4 Qe6 24. Rae1 Rc6 25. Bf6 h6 26. g5 h5 27. Bxg7 Kxg7
28. Qf6+ Kg8 29. Rf2 Re8 30. Ref1 Qxf6 31. Rxf6 Rxf6 32. Rxf6 Re6 33. Kh2 Rxf6
34. exf6 Kf8 35. Kh3 Ke8 36. g4 hxg4+ 37. Kxg4 Kd7 38. Kf4 Kd6 39. Kg4 b5 40.
Kf4 a5 41. a3 Ke6 42. Kg4 Kd7 43. Kf4 Kd6 44. Kg4 Ke6 1/2-1/2

[Event "DEM U12 2018"]
[Site "Willingen GER"]
[Date "2018.05.23"]
[Round "6"]
[White "Hänselmann, Hendrik"]
[Black "Morczynski, Joachim"]
[Result "1/2-1/2"]
[Termination "normal"]
[Board "19"]
[WhiteElo "1713"]
[BlackElo "1665"]
[PlyCount "61"]
[WhiteFideId "16232755"]
[BlackFideId "16209745"]
[EventCountry "GER"]
[EventRounds "11"]
[EventType "swiss"]
[EventDate "2018.05.19"]

1. e4 d6 2. d4 Nf6 3. Nc3 g6 4. f4 Bg7 5. Nf3 c5 6. dxc5 Qa5 7. Bd3 Qxc5 8. Qe2
a6 9. Be3 Qb4 10. Bd4 Nc6 11. Bxf6 Bxf6 12. O-O Nd4 13. Nxd4 Bxd4+ 14. Kh1 Bxc3
15. bxc3 Qxc3 16. Rae1 O-O 17. f5 Kg7 18. Rf3 Qe5 19. Rg3 b5 20. Rf1 Bb7 21.
Qg4 d5 22. exd5 Bxd5 23. Rh3 Bxa2 24. Qg5 Rh8 25. Qh6+ Kg8 26. Re3 Qg7 27. Qf4
27... f6 {(=)} 28. fxg6 hxg6 29. Bxg6 Qh6 30. Qg3 Kf8 31. Bd3 1/2-1/2

[Event "DEM U12 2018"]
[Site "Willingen GER"]
[Date "2018.05.23"]
[Round "6"]
[White "Pikalow, Michael"]
[Black "Wildermuth, Nikolas Karl"]
[Result "1/2-1/2"]
[Termination "normal"]
[Board "20"]
[WhiteElo "1540"]
[BlackElo "1495"]
[PlyCount "113"]
[WhiteFideId "16227638"]
[BlackFideId "16244699"]
[EventCountry "GER"]
[EventRounds "11"]
[EventType "swiss"]
[EventDate "2018.05.19"]

1. e4 c5 2. Nf3 a6 3. c3 e6 4. d4 d5 5. exd5 exd5 6. Bd3 c4 7. Bc2 Nf6 8. O-O
Be7 9. b3 b5 10. a4 Bb7 11. axb5 axb5 12. Rxa8 Bxa8 13. Ne5 Nbd7 14. Bf4 O-O
15. Qf3 Ne4 16. bxc4 Nxe5 17. Bxe5 f6 18. Bf4 bxc4 19. Qh3 Qc8 20. Qh5 g6 21.
Qf3 f5 22. Nd2 g5 23. Be3 f4 24. Nxe4 fxe3 25. Qxe3 dxe4 26. Bxe4 Re8 27. Bxa8
Qxa8 28. Qe6+ Kg7 29. Qxc4 Qe4 30. Qb5 Bf6 31. h3 h5 32. c4 Rf8 33. d5 Bd4 34.
Qd7+ Rf7 35. Qe6 Qxe6 36. dxe6 Rf6 37. Rb1 Bxf2+ 38. Kf1 Bd4+ 39. Ke2 Rxe6+ 40.
Kf3 Rc6 41. c5 Rxc5 42. Rb7+ Kg6 43. Rb6+ Kf5 44. Rh6 Rc3+ 45. Ke2 h4 46. Ra6
Re3+ 47. Kf1 Kf4 48. Ra8 Kg3 49. Ra5 Re5 50. Rxe5 Bxe5 51. Kg1 Bd4+ 52. Kh1 Kf2
53. Kh2 Ke3 54. Kg1 Kf4+ 55. Kh1 g4 56. Kh2 Bf2 57. Kh1 1/2-1/2

[Event "DEM U12 2018"]
[Site "Willingen GER"]
[Date "2018.05.23"]
[Round "6"]
[White "Movsisyan, Andranik"]
[Black "Phan Trong, Dai"]
[Result "0-1"]
[Termination "normal"]
[Board "21"]
[WhiteElo "1654"]
[BlackElo "1579"]
[PlyCount "96"]
[WhiteFideId "16240391"]
[BlackFideId "16236939"]
[EventCountry "GER"]
[EventRounds "11"]
[EventType "swiss"]
[EventDate "2018.05.19"]

1. e4 e5 2. Nf3 Nc6 3. Bc4 Bc5 4. Nc3 d6 5. d3 Nf6 6. Bg5 h6 7. Bh4 Be6 8. Bb3
g5 9. Bg3 Qd7 10. h3 O-O-O 11. Qd2 Nh5 12. O-O-O Nf4 13. Rh2 Bb4 14. Bxf4 gxf4
15. Ba4 f5 16. exf5 Bxf5 17. d4 Qg7 18. Bxc6 bxc6 19. a3 Ba5 20. b4 Bb6 21. Qe2
exd4 22. Qa6+ Kb8 23. Ne2 d3 24. cxd3 Bxf2 25. Kc2 Rhe8 26. Nc3 Bb6 27. a4 Qf7
28. a5 Bc8 29. Qc4 Qxc4 30. dxc4 Bf5+ 31. Kb2 Bf2 32. Nd4 Bd7 33. Nce2 c5 34.
bxc5 dxc5 35. Rf1 Bxd4+ 36. Nxd4 cxd4 37. Rxf4 c5 38. g4 Re3 39. Kc1 Rc3+ 40.
Rc2 Rxh3 41. Rb2+ Kc7 42. a6 Rh1+ 43. Kc2 Rh2+ 44. Kb1 Rxb2+ 45. Kxb2 Rg8 46.
Rf6 Rxg4 47. Rxh6 Rg3 48. Kc2 Rc3+ 0-1

[Event "DEM U12 2018"]
[Site "Willingen GER"]
[Date "2018.05.23"]
[Round "6"]
[White "Duduka, Artem"]
[Black "Sieber, Bert"]
[Result "1-0"]
[Termination "normal"]
[Board "22"]
[WhiteElo "1598"]
[BlackElo "1453"]
[PlyCount "117"]
[WhiteFideId "14194805"]
[BlackFideId "16265971"]
[EventCountry "GER"]
[EventRounds "11"]
[EventType "swiss"]
[EventDate "2018.05.19"]

1. e4 c5 2. Nf3 Nc6 3. Bb5 d6 4. Bxc6+ bxc6 5. O-O e5 6. c3 f5 7. Re1 Nf6 8.
exf5 Be7 9. Qc2 e4 10. Ng5 Bxf5 11. f3 d5 12. fxe4 Nxe4 13. Nxe4 Bxe4 14. d3
Bg6 15. Qe2 Kf7 16. Qe6+ Kf8 17. Rf1+ Bf6 18. Bf4 Bf7 19. Qxc6 Rc8 20. Qb7 Bg6
21. Be5 Bxd3 22. Bxf6 gxf6 23. Rxf6+ Qxf6 24. Qxc8+ Kg7 25. Qd7+ Kg6 26. Qg4+
Kf7 27. Nd2 Rd8 28. Qf3 Qxf3 29. Nxf3 Kf6 30. Rd1 Be4 31. Kf2 Rb8 32. b3 a5 33.
Nd2 Bc2 34. Rc1 Bf5 35. Kf3 Rg8 36. h3 h5 37. Re1 Be6 38. c4 a4 39. Rc1 axb3
40. axb3 Ke5 41. Re1+ Kd6 42. Ra1 Rc8 43. Ra6+ Rc6 44. Rxc6+ Kxc6 45. Kf4 d4
46. Ke4 Bg8 47. b4 cxb4 48. Kxd4 Be6 49. Nb3 Bg8 50. Nc5 Kb6 51. Nd3 Ka5 52.
Nb2 Bf7 53. g4 Be6 54. gxh5 Bf7 55. h6 Bg8 56. Ke5 Kb6 57. Kf6 Kc5 58. Kg7 Bxc4
59. h7 1-0

[Event "DEM U12 2018"]
[Site "Willingen GER"]
[Date "2018.05.23"]
[Round "6"]
[White "Sinnhöfer, Joshua"]
[Black "Kort, Felix"]
[Result "0-1"]
[Termination "normal"]
[Board "23"]
[WhiteElo "1536"]
[BlackElo "1672"]
[PlyCount "70"]
[WhiteFideId "16201361"]
[BlackFideId "16220129"]
[EventCountry "GER"]
[EventRounds "11"]
[EventType "swiss"]
[EventDate "2018.05.19"]

1. e4 e5 2. Nf3 Nc6 3. Bc4 Bc5 4. c3 Nf6 5. d4 exd4 6. cxd4 Bb4+ 7. Bd2 Nxe4 8.
Bxb4 Nxb4 9. Bxf7+ Kxf7 10. Qb3+ d5 11. Qxb4 Qf8 12. Qb3 c6 13. Nc3 Nxc3 14.
bxc3 Qe7+ 15. Ne5+ Kf8 16. O-O g6 17. Rae1 Qg5 18. Qb4+ Kg7 19. f4 Qf6 20. Nd3
h5 21. Rf3 Rf8 22. Rfe3 b6 23. Re7+ Kh6 24. g3 Bf5 25. Nf2 Rf7 26. Rxf7 Qxf7
27. Re7 Qf6 28. h3 c5 29. g4 Qxe7 30. dxc5 Qe1+ 31. Kg2 Be4+ 32. Nxe4 Qxe4+ 33.
Qxe4 dxe4 34. Kf2 Rc8 35. Ke3 Rxc5 0-1

[Event "DEM U12 2018"]
[Site "Willingen GER"]
[Date "2018.05.23"]
[Round "6"]
[White "Langer, Paul Georg"]
[Black "Niemann, Leon"]
[Result "1/2-1/2"]
[Termination "normal"]
[Board "24"]
[WhiteElo "1300"]
[BlackElo "1563"]
[PlyCount "134"]
[WhiteFideId "16230051"]
[BlackFideId "16218388"]
[EventCountry "GER"]
[EventRounds "11"]
[EventType "swiss"]
[EventDate "2018.05.19"]

1. e4 c5 2. Nc3 Nc6 3. Nge2 g6 4. g3 Bg7 5. Bg2 d6 6. d3 e6 7. h4 Nge7 8. h5
O-O 9. hxg6 fxg6 10. Bh6 Bxh6 11. Rxh6 Rxf2 12. Rxg6+ Nxg6 13. Kxf2 Qf6+ 14.
Kg1 a6 15. Qd2 Bd7 16. Rf1 Qg7 17. Nd1 Rf8 18. c3 Rxf1+ 19. Bxf1 Nce5 20. Bg2
Nh4 21. Qf4 Nxg2 22. Kxg2 Qf8 23. Nf2 c4 24. dxc4 Qxf4 25. gxf4 Nxc4 26. b3 Nb6
27. Kg3 Nc8 28. Ng4 Kg7 29. e5 dxe5 30. Nxe5 Be8 31. Nd4 Bf7 32. c4 Nd6 33.
Ndf3 h6 34. Nd4 Ne4+ 35. Kf3 Nc5 36. f5 Bh5+ 37. Kf4 exf5 38. Nxf5+ Kh7 39. Nd6
a5 40. Ke3 Kg7 41. Nd3 Nxd3 42. Kxd3 Bf3 43. Nf5+ Kh7 44. Kd4 h5 45. Ke5 Bg4
46. Ne3 Be2 47. c5 Kg6 48. Ng2 Kg5 49. Ke4 Bb5 50. Ke3 h4 51. Nxh4 Kxh4 52. Kd4
Kg5 53. Ke5 Be2 54. Kd6 Bf3 55. Kc7 Kf5 56. Kb6 Ke6 57. Kxa5 Kd7 58. Kb6 Kc8
59. b4 Bc6 60. Ka5 Kc7 61. a4 Be4 62. b5 Bf5 63. Kb4 Be6 64. Kc3 Bg4 65. Kb4
Bd1 66. a5 Be2 67. a6 bxa6 1/2-1/2